[Event "Titled Tuesday intern op 02nd Jan Late"]
[Site "Chess.com INT"]
[Date "2024.01.02"]
[Round "1"]
[White "Paterek, Michal"]
[Black "Feuerstack, Aljoscha"]
[Result "0-1"]
[WhiteElo "2307"]
[BlackElo "2467"]
[PlyCount "36"]
[EventDate "2024.01.02"]
[EventType "swiss (blitz)"]
[EventRounds "11"]
[EventCountry "USA"]
[SourceTitle "EXT 2025"]
[Source "ChessBase"]
[SourceDate "2024.10.14"]
[SourceVersion "1"]
[SourceVersionDate "2024.10.14"]
[SourceQuality "1"]

1. c4 c6 2. Nc3 d5 3. e3 Nf6 4. Nf3 g6 5. b3 Bg7 6. Bb2 0-0 7. Be2 Bg4 8. 0-0 Nbd7 9. d4 a6 10. h3 Bxf3 11. Bxf3 e6 12. Rc1 b5 13. Ba3 Re8 14. Bd6 bxc4 15. bxc4 Nb6 16. c5 Nc4 17. Bg3 e5 18. e4 exd4 0-1

[Event "Titled Tuesday intern op 22nd Aug Late"]
[Site "Chess.com INT"]
[Date "2023.08.22"]
[Round "3"]
[White "Janaszak, Dawid"]
[Black "Paterek, Michal"]
[Result "1-0"]
[WhiteElo "2302"]
[BlackElo "2307"]
[PlyCount "177"]
[EventDate "2023.08.22"]
[EventType "swiss (blitz)"]
[EventRounds "11"]
[EventCountry "USA"]
[SourceTitle "EXT 2024"]
[Source "ChessBase"]
[SourceDate "2023.10.10"]
[SourceVersion "1"]
[SourceVersionDate "2023.10.10"]
[SourceQuality "1"]

1. e4 e6 2. b3 d5 3. Bb2 dxe4 4. Nc3 Nf6 5. Qe2 Nc6 6. 0-0-0 Nd4 7. Qe1 a5 8. a4 Bb4 9. Nxe4 b5 10. Nf3 Nxf3 11. gxf3 bxa4 12. Bb5+ Bd7 13. Nxf6+ gxf6 14. Bxa4 Bxa4 15. bxa4 Rb8 16. Qe4 Qd7 17. d4 Qxa4 18. d5 Qa2 19. dxe6 fxe6 20. Qc6+ Kf7 21. Rd7+ Kf8 22. Qxc7 Qxb2+ 23. Kxb2 Bd6+ 24. Qb7 Rxb7+ 25. Rxb7 Be7 26. Rd1 Kf7 27. Rdd7 Re8 28. Kb3 e5 29. Ka4 Ke6 30. Kxa5 Bc5 31. Rxh7 Bxf2 32. c4 Rc8 33. Kb4 Bc5+ 34. Kb5 Bd4 35. Rhc7 Ra8 36. c5 Ra2 37. c6 Rxh2 38. Rf7 Rb2+ 39. Kc4 Rc2+ 40. Kd3 Rxc6 41. Rbe7+ Kf5 42. Rc7 Rxc7 43. Rxc7 Kf4 44. Ke2 f5 45. Rh7 e4 46. fxe4 Kxe4 47. Rh4+ f4 48. Rh7 Be5 49. Re7 Kf5 50. Re8 Bd6 51. Rd8 Be5 52. Kf3 Bc7 53. Rd7 Be5 54. Rb7 Bd6 55. Rb5+ Be5 56. Ra5 Kf6 57. Ke4 Bc7 58. Ra6+ Kg5 59. Ra7 Bd6 60. Rg7+ Kf6 61. Rg1 Bc7 62. Rc1 Bd6 63. Rc6 Ke7 64. Kd5 Bb8 65. Rb6 Bc7 66. Rb7 Kd8 67. Kc6 Be5 68. Rf7 Ke8 69. Rf5 Bb8 70. Kd5 Ke7 71. Ke4 Bc7 72. Rb5 Ke6 73. Rb7 Bd6 74. Rh7 Kf6 75. Rh6+ Ke7 76. Kd5 Bc7 77. Rh7+ Kd8 78. Kc6 Be5 79. Rh5 Bf6 80. Rf5 Be7 81. Rxf4 Ke8 82. Kd5 Kd7 83. Rf7 Ke8 84. Rh7 Kd7 85. Rg7 Ke8 86. Ke6 Bf8 87. Rb7 Be7 88. Rb8+ Bd8 89. Ra8 1-0

[Event "Titled Tuesday intern op 22nd Aug Late"]
[Site "Chess.com INT"]
[Date "2023.08.22"]
[Round "10"]
[White "Martinez Reyes, Pedro Ramon"]
[Black "Paterek, Michal"]
[Result "1-0"]
[WhiteElo "2354"]
[BlackElo "2307"]
[PlyCount "131"]
[EventDate "2023.08.22"]
[EventType "swiss (blitz)"]
[EventRounds "11"]
[EventCountry "USA"]
[SourceTitle "EXT 2024"]
[Source "ChessBase"]
[SourceDate "2023.10.10"]
[SourceVersion "1"]
[SourceVersionDate "2023.10.10"]
[SourceQuality "1"]

1. d4 d5 2. c4 c6 3. Nf3 Nf6 4. e3 a6 5. c5 Bf5 6. Nc3 e6 7. Na4 Nbd7 8. Bd2 h6 9. Be2 Be7 10. 0-0 0-0 11. Qe1 Qc7 12. Ba5 Qb8 13. h3 Ne4 14. Nb6 Nxb6 15. Bxb6 f6 16. b4 e5 17. a4 Qc8 18. dxe5 fxe5 19. Nxe5 Bf6 20. f4 Bxe5 21. fxe5 Re8 22. b5 Rxe5 23. bxa6 bxa6 24. Qb4 Bxh3 25. Rf4 Be6 26. Qd4 Rg5 27. Bf3 Ng3 28. Ra2 Qd7 29. Rf2 Re8 30. e4 dxe4 31. Qxd7 Bxd7 32. Be2 e3 33. Bc4+ Be6 34. Rf8+ Kh7 35. Bd3+ g6 36. Rxe8 exf2+ 37. Kxf2 Bf7 38. Re7 Kg8 39. Rc7 Bd5 40. Bxa6 Ne4+ 41. Ke3 Rxg2 42. Bd3 Rg3+ 43. Kd4 Nf2 44. Be2 h5 45. a5 Ra3 46. Ke5 h4 47. Kf6 Ne4+ 48. Kxg6 Kf8 49. Bg4 h3 50. Rc8+ Ke7 51. Rc7+ Ke8 52. Rh7 Rg3 53. Kf5 Rxg4 54. Rh8+ Rg8 55. Rxh3 Nd2 56. a6 Ke7 57. Rh7+ Bf7 58. a7 Nc4 59. Rh1 Na3 60. Ra1 Nb5 61. a8Q Rxa8 62. Rxa8 Be6+ 63. Ke5 Bd7 64. Rh8 Kf7 65. Rh7+ Ke8 66. Kf6 1-0

[Event "Titled Tuesday intern op 22nd Aug Late"]
[Site "Chess.com INT"]
[Date "2023.08.22"]
[Round "2"]
[White "Paterek, Michal"]
[Black "Aadit, Bhatia"]
[Result "1/2-1/2"]
[WhiteElo "2307"]
[BlackElo "2064"]
[PlyCount "180"]
[EventDate "2023.08.22"]
[EventType "swiss (blitz)"]
[EventRounds "11"]
[EventCountry "USA"]
[SourceTitle "EXT 2024"]
[Source "ChessBase"]
[SourceDate "2023.10.10"]
[SourceVersion "1"]
[SourceVersionDate "2023.10.10"]
[SourceQuality "1"]

1. d4 Nf6 2. c4 g6 3. Nc3 Bg7 4. e4 d6 5. Nf3 0-0 6. Be2 Nbd7 7. 0-0 e5 8. Re1 Re8 9. Bf1 c6 10. Rb1 a5 11. b3 Qc7 12. a3 exd4 13. Nxd4 Nc5 14. f3 Nh5 15. Be3 Qe7 16. b4 axb4 17. axb4 Ne6 18. Qd2 Be5 19. g3 Qf6 20. Nce2 g5 21. Nf5 Neg7 22. g4 Nxf5 23. exf5 Nf4 24. Nxf4 gxf4 25. Bxf4 Bd7 26. Bxe5 Rxe5 27. Rxe5 Qxe5 28. Re1 Qf6 29. Rd1 d5 30. cxd5 cxd5 31. Qxd5 Bc6 32. Qd3 Ra2 33. Qd8+ Kg7 34. Qxf6+ Kxf6 35. Bg2 Rb2 36. Rd4 Ke5 37. Rc4 Kd5 38. Rc5+ Kd6 39. Rc4 Bd5 40. Rd4 Ke5 41. Rd1 Rxb4 42. f4+ Kxf4 43. Rxd5 Kxg4 44. h3+ Kg5 45. Kf2 Kf4 46. Rc5 f6 47. Rc3 Rb2+ 48. Kg1 Kxf5 49. Rf3+ Kg5 50. Rg3+ Kf4 51. Rg7 b5 52. Rxh7 b4 53. Rb7 b3 54. h4 Kg4 55. Rb4+ Kg3 56. Bf1 Rb1 57. Rc4 b2 58. Rb4 f5 59. h5 f4 60. h6 f3 61. Rb3 Ra1 62. h7 Ra8 63. Rxb2 Rh8 64. Rh2 f2+ 65. Kh1 Kf3 66. Rh3+ Kg4 67. Kg2 Kg5 68. Kxf2 Kf6 69. Bd3 Kg7 70. Kg3 Rf8 71. Be4 Re8 72. Kf4 Rf8+ 73. Bf5 Ra8 74. Kg5 Kh8 75. Kf6 Rf8+ 76. Kg5 Ra8 77. Rh6 Rb8 78. Rh4 Ra8 79. Rb4 Rc8 80. Rd4 Rf8 81. Rf4 Rf7 82. Re4 Rf8 83. Re7 Rb8 84. Rf7 Re8 85. Rd7 Rf8 86. Bg6 Rb8 87. Re7 Rb5+ 88. Kf6 Rb8 89. Re8+ Rxe8 90. Bxe8 Kxh7 1/2-1/2

[Event "Titled Tuesday intern op 22nd Aug Late"]
[Site "Chess.com INT"]
[Date "2023.08.22"]
[Round "9"]
[White "Paterek, Michal"]
[Black "Jovic, Stanoje"]
[Result "0-1"]
[WhiteElo "2307"]
[BlackElo "2075"]
[PlyCount "84"]
[EventDate "2023.08.22"]
[EventType "swiss (blitz)"]
[EventRounds "11"]
[EventCountry "USA"]
[SourceTitle "EXT 2024"]
[Source "ChessBase"]
[SourceDate "2023.10.10"]
[SourceVersion "1"]
[SourceVersionDate "2023.10.10"]
[SourceQuality "1"]

1. d4 Nf6 2. c4 e6 3. Nc3 Bb4 4. f3 d5 5. a3 Bxc3+ 6. bxc3 0-0 7. cxd5 exd5 8. e3 c5 9. Bd3 b6 10. Ne2 Ba6 11. 0-0 Bxd3 12. Qxd3 Re8 13. Ng3 Nc6 14. Bb2 Rc8 15. e4 dxe4 16. fxe4 cxd4 17. cxd4 Ne5 18. Qe2 Nc4 19. Rad1 Nxb2 20. Qxb2 Nxe4 21. Nf5 Nc3 22. Rd3 Re2 23. Qb3 Qd5 24. Qxd5 Nxd5 25. Nd6 Rc7 26. Rg3 g6 27. Nb5 Rcc2 28. Nxa7 Ne3 29. Rb1 Nxg2 30. Nc6 Nh4 31. Ne5 Rxh2 32. Rxb6 Rhd2 33. Rb1 Rxd4 34. Rf1 f5 35. Rb1 Rdd2 36. Rb8+ Kg7 37. Rb7+ Kf6 38. Nd7+ Ke6 39. Nf8+ Ke5 40. Rb1 Kf4 41. Rh3 Nf3+ 42. Kf1 Rf2# 0-1

[Event "Titled Tuesday intern op 22nd Aug Late"]
[Site "Chess.com INT"]
[Date "2023.08.22"]
[Round "4"]
[White "Paterek, Michal"]
[Black "Oliveira, Tiago Batista"]
[Result "1-0"]
[WhiteElo "2307"]
[BlackElo "1971"]
[PlyCount "79"]
[EventDate "2023.08.22"]
[EventType "swiss (blitz)"]
[EventRounds "11"]
[EventCountry "USA"]
[SourceTitle "EXT 2024"]
[Source "ChessBase"]
[SourceDate "2023.10.10"]
[SourceVersion "1"]
[SourceVersionDate "2023.10.10"]
[SourceQuality "1"]

1. c4 Nf6 2. Nc3 g6 3. g3 Bg7 4. Bg2 0-0 5. e4 d6 6. Nge2 c5 7. 0-0 Nc6 8. d3 Ne8 9. Be3 Nc7 10. f4 Ne6 11. g4 Ned4 12. f5 Rb8 13. a4 a6 14. Nf4 b5 15. b3 bxc4 16. bxc4 Nb3 17. Ra3 Bxc3 18. Rxb3 Rxb3 19. Qxb3 Bd4 20. Bxd4 Nxd4 21. Qb2 Bd7 22. Ne2 Nxe2+ 23. Qxe2 Bxa4 24. Ra1 Qd7 25. g5 f6 26. fxg6 hxg6 27. gxf6 Rxf6 28. e5 Rf4 29. Bd5+ Kg7 30. e6 Qe8 31. Qb2+ Rf6 32. Qb7 Bc2 33. Rxa6 Bxd3 34. Rxd6 Rf1+ 35. Kg2 Qf8 36. Bf3 Re1 37. Rxd3 Rxe6 38. Rd2 Rf6 39. Re2 Qf7 40. Rxe7 1-0

[Event "Titled Tuesday intern op 21st Mar Late"]
[Site "Chess.com INT"]
[Date "2023.03.21"]
[Round "9"]
[White "Cordoba Roa, Angel Gabriel"]
[Black "Paterek, Michal"]
[Result "1-0"]
[WhiteElo "2214"]
[BlackElo "2307"]
[PlyCount "61"]
[EventDate "2023.03.21"]
[EventType "swiss (blitz)"]
[EventRounds "11"]
[EventCountry "USA"]
[SourceTitle "EXT 2024"]
[Source "ChessBase"]
[SourceDate "2023.10.10"]
[SourceVersion "1"]
[SourceVersionDate "2023.10.10"]
[SourceQuality "1"]

1. e4 e6 2. d4 d5 3. Nc3 h6 4. Nf3 Nf6 5. Bd3 c5 6. exd5 cxd4 7. Bb5+ Bd7 8. Bxd7+ Qxd7 9. dxe6 Qxe6+ 10. Ne2 Nc6 11. 0-0 Bc5 12. Re1 0-0-0 13. Nexd4 Bxd4 14. Rxe6 Bxf2+ 15. Kxf2 Rxd1 16. Re1 Rxe1 17. Nxe1 Rd8 18. h3 Ne4+ 19. Kf3 f5 20. Be3 g5 21. Nd3 b5 22. Re1 Nd4+ 23. Bxd4 Rxd4 24. g4 fxg4+ 25. hxg4 Nf6 26. Re5 a6 27. Re6 Nxg4 28. Rxa6 Kc7 29. Re6 h5 30. Re7+ Kd6 31. Rg7 1-0

[Event "Titled Tuesday intern op 21st Mar Late"]
[Site "Chess.com INT"]
[Date "2023.03.21"]
[Round "1"]
[White "Filgueira, Hernan"]
[Black "Paterek, Michal"]
[Result "1/2-1/2"]
[WhiteElo "2283"]
[BlackElo "2307"]
[PlyCount "147"]
[EventDate "2023.03.21"]
[EventType "swiss (blitz)"]
[EventRounds "11"]
[EventCountry "USA"]
[SourceTitle "EXT 2024"]
[Source "ChessBase"]
[SourceDate "2023.10.10"]
[SourceVersion "1"]
[SourceVersionDate "2023.10.10"]
[SourceQuality "1"]

1. c4 Nf6 2. Nc3 e5 3. Nf3 Nc6 4. a3 a5 5. e3 g6 6. d3 Bg7 7. Be2 0-0 8. 0-0 d6 9. Qc2 Nh5 10. Nd2 f5 11. Rb1 Be6 12. b4 axb4 13. axb4 Kh8 14. Bf3 Qh4 15. g3 Qf6 16. Nd5 Qf7 17. b5 Nd8 18. Bg2 f4 19. Ne4 h6 20. exf4 Bxd5 21. cxd5 exf4 22. Bb2 f3 23. Bh3 Qxd5 24. Qd2 Kh7 25. Bxg7 Nxg7 26. Rfc1 Nde6 27. Rc4 Ra3 28. Nc3 Qh5 29. Bf1 Rf7 30. Qb2 Ra8 31. Ne4 Raf8 32. h3 d5 33. Rc5 b6 34. Rc6 dxe4 35. dxe4 Ng5 36. h4 Nxe4 37. Bd3 Nc5 38. Bxg6+ Qxg6 39. Rxg6 Kxg6 40. Qc2+ Kf6 41. Re1 Nge6 42. Qd2 h5 43. Qh6+ Ke7 44. Qxh5 Rf5 45. Qg4 R8f7 46. Qc4 R7f6 47. Rd1 Re5 48. Qg4 Re2 49. h5 Ne4 50. Rf1 N6g5 51. Qc8 Rh6 52. Qxc7+ Kf8 53. Qf4+ Kg7 54. Qg4 Kh7 55. Rd1 Rf6 56. Rd7+ Rf7 57. Rxf7+ Nxf7 58. Qf5+ Kg7 59. Qg6+ Kf8 60. h6 Nxf2 61. Qg7+ Ke8 62. Qg8+ Ke7 63. h7 Nh3+ 64. Kf1 Rf2+ 65. Ke1 Re2+ 66. Kd1 Nf2+ 67. Kc1 Nd3+ 68. Kd1 Re1+ 69. Kd2 f2 70. h8Q Nxh8 71. Qg5+ Kd7 72. Qf5+ Kd6 73. Qf6+ Kc5 74. Qc3+ 1/2-1/2

[Event "Titled Tuesday intern op 21st Mar Late"]
[Site "Chess.com INT"]
[Date "2023.03.21"]
[Round "3"]
[White "Paterek, Michal"]
[Black "Araujo Sanchez, Josue"]
[Result "0-1"]
[WhiteElo "2307"]
[BlackElo "2306"]
[PlyCount "158"]
[EventDate "2023.03.21"]
[EventType "swiss (blitz)"]
[EventRounds "11"]
[EventCountry "USA"]
[SourceTitle "EXT 2024"]
[Source "ChessBase"]
[SourceDate "2023.10.10"]
[SourceVersion "1"]
[SourceVersionDate "2023.10.10"]
[SourceQuality "1"]

1. d4 Nf6 2. Nf3 e6 3. g3 b6 4. Bg2 Bb7 5. 0-0 Be7 6. c4 0-0 7. Nc3 d5 8. Qb3 Nbd7 9. Rd1 Qc8 10. Bf4 c5 11. cxd5 Nxd5 12. Nxd5 Bxd5 13. Qe3 Qb7 14. Rac1 Rac8 15. a3 a5 16. Ne1 Nf6 17. Bxd5 Nxd5 18. Qf3 cxd4 19. Rxc8 Rxc8 20. Rxd4 Bf6 21. Rd2 Rc1 22. Kf1 Qc8 23. Rxd5 Rxe1+ 24. Kxe1 exd5 25. Qxd5 Bxb2 26. a4 h6 27. Be3 Ba3 28. Kf1 Bc5 29. Bxc5 bxc5 30. Ke1 Qe8 31. Qc4 Qe5 32. f4 Qa1+ 33. Kf2 Qa3 34. Qb5 Qb4 35. Qe8+ Kh7 36. Qxf7 Qd4+ 37. Kf3 Qxa4 38. Qf5+ Kh8 39. Qc8+ Kh7 40. Qxc5 Qb3+ 41. e3 a4 42. Qf5+ Kh8 43. Qc8+ Kh7 44. Qf5+ Kg8 45. Qc8+ Kf7 46. Qd7+ Kf6 47. Qd6+ Kf7 48. Qd7+ Kg8 49. Qe8+ Kh7 50. Qe4+ Kh8 51. Qe8+ Kh7 52. Qe4+ g6 53. Qe7+ Kg8 54. Qe8+ Kg7 55. Qe7+ Qf7 56. Qe5+ Kh7 57. Qa5 Qb7+ 58. e4 Qb3+ 59. Kg4 Qd1+ 60. Kh3 Qf1+ 61. Kh4 Qc4 62. Qa7+ Kg8 63. Qa8+ Kf7 64. e5 g5+ 65. Kh5 gxf4 66. Qb7+ Ke6 67. Qb6+ Kxe5 68. gxf4+ Kxf4 69. Qxh6+ Kf3 70. Qf6+ Kg2 71. h4 Qe2+ 72. Kh6 Qe3+ 73. Qg5+ Kf3 74. Qxe3+ Kxe3 75. h5 a3 76. Kg6 a2 77. h6 a1Q 78. h7 Qh8 79. Kh6 Ke4 0-1

[Event "Titled Tuesday intern op 21st Mar Late"]
[Site "Chess.com INT"]
[Date "2023.03.21"]
[Round "10"]
[White "Paterek, Michal"]
[Black "Melikhov, Evgeny V"]
[Result "0-1"]
[WhiteElo "2307"]
[BlackElo "2269"]
[PlyCount "104"]
[EventDate "2023.03.21"]
[EventType "swiss (blitz)"]
[EventRounds "11"]
[EventCountry "USA"]
[SourceTitle "EXT 2024"]
[Source "ChessBase"]
[SourceDate "2023.10.10"]
[SourceVersion "1"]
[SourceVersionDate "2023.10.10"]
[SourceQuality "1"]

1. d4 Nf6 2. Nf3 d5 3. g3 Bg4 4. Bg2 Nbd7 5. 0-0 e6 6. Nbd2 Bd6 7. c4 c6 8. b3 0-0 9. Bb2 Qe7 10. h3 Bxf3 11. exf3 Ba3 12. Bxa3 Qxa3 13. Re1 a5 14. Qc1 Qxc1 15. Raxc1 a4 16. Rc2 axb3 17. axb3 Ra3 18. f4 Rfa8 19. Kf1 Ra2 20. Rec1 Rxc2 21. Rxc2 Ra1+ 22. Ke2 h5 23. h4 Ng4 24. Bf3 Ndf6 25. Rb2 Kf8 26. c5 Ke7 27. b4 Kd7 28. Nb3 Ra4 29. Na5 Kc7 30. Bg2 Nd7 31. f3 Ngf6 32. Kd3 Ng8 33. Kc3 Ne7 34. Bh3 g6 35. Nb3 Nf5 36. Bxf5 gxf5 37. Nd2 Ra1 38. Rb1 Ra8 39. Kb3 f6 40. Rg1 Rg8 41. Nb1 e5 42. fxe5 fxe5 43. dxe5 Nxe5 44. Nd2 f4 45. g4 hxg4 46. fxg4 f3 47. Kc3 f2 48. Rf1 Nxg4 49. Kd4 Rh8 50. Nf3 Rf8 51. Ng5 Kd7 52. Nh3 Rf3 0-1

[Event "Titled Tuesday intern op 7th Mar Late"]
[Site "Chess.com INT"]
[Date "2023.03.07"]
[Round "3"]
[White "Paterek, Michal"]
[Black "Kalajzic, Ivan"]
[Result "0-1"]
[WhiteElo "2307"]
[BlackElo "2062"]
[PlyCount "26"]
[EventDate "2023.03.07"]
[EventType "swiss (blitz)"]
[EventRounds "11"]
[EventCountry "USA"]
[SourceTitle "EXT 2024"]
[Source "ChessBase"]
[SourceDate "2023.10.10"]
[SourceVersion "1"]
[SourceVersionDate "2023.10.10"]
[SourceQuality "1"]

1. Nf3 Nc6 2. c4 e5 3. Nc3 Bc5 4. g3 d6 5. Bg2 Bg4 6. 0-0 Qd7 7. a3 a5 8. Re1 Bh3 9. Bh1 h5 10. e3 Bg4 11. d4 Ba7 12. Nb5 e4 13. h3 Bxf3 0-1

[Event "Titled Tuesday intern op 21st Feb Late"]
[Site "Chess.com INT"]
[Date "2023.02.21"]
[Round "2"]
[White "Paterek, Michal"]
[Black "Oro, Faustino"]
[Result "0-1"]
[WhiteElo "2307"]
[BlackElo "2211"]
[PlyCount "76"]
[EventDate "2023.02.21"]
[EventType "swiss (blitz)"]
[EventRounds "11"]
[EventCountry "USA"]
[SourceTitle "CBM 212 Extra"]
[Source "ChessBase"]
[SourceDate "2023.03.31"]
[SourceVersion "1"]
[SourceVersionDate "2023.03.31"]
[SourceQuality "1"]

1. d4 Nf6 2. Nf3 e6 3. Bg5 c5 4. c3 Be7 5. Nbd2 0-0 6. e4 d6 7. Bd3 Nc6 8. Rc1 b6 9. 0-0 Bb7 10. Re1 h6 11. Bh4 Rc8 12. Qe2 cxd4 13. cxd4 Nb4 14. Bb1 Ba6 15. Qe3 Qd7 16. a3 Nc6 17. b4 Bb7 18. h3 Rfd8 19. g4 Nh7 20. Bg3 Bf8 21. g5 hxg5 22. Nxg5 g6 23. Nxh7 Kxh7 24. h4 e5 25. Nf3 Bh6 26. Ng5+ Bxg5 27. hxg5 Nxd4 28. Kg2 Qg4 29. Rg1 Qe2 30. Rh1+ Kg8 31. Qxe2 Nxe2 32. Rce1 Nd4 33. Rc1 Ne6 34. Bh4 d5 35. f3 dxe4 36. fxe4 Nf4+ 37. Kf3 Ba6 38. Ba2 Rd3+ 0-1

[Event "Titled Tuesday intern op 07th Feb Late"]
[Site "Chess.com INT"]
[Date "2023.02.07"]
[Round "2"]
[White "Cuenca Jimenez, Jose Fernando"]
[Black "Paterek, Michal"]
[Result "1-0"]
[WhiteElo "2553"]
[BlackElo "2307"]
[PlyCount "83"]
[EventDate "2023.02.07"]
[EventType "swiss (blitz)"]
[EventRounds "11"]
[EventCountry "USA"]
[SourceTitle "EXT 2024"]
[Source "ChessBase"]
[SourceDate "2023.10.10"]
[SourceVersion "1"]
[SourceVersionDate "2023.10.10"]
[SourceQuality "1"]

1. d4 d5 2. Nf3 Nf6 3. e3 g6 4. c4 Bg7 5. Nc3 0-0 6. Be2 c5 7. dxc5 Qa5 8. cxd5 Na6 9. 0-0 Nxc5 10. Bd2 Rd8 11. e4 e6 12. Qc2 Qb6 13. b4 Na6 14. b5 Nc5 15. Bg5 h6 16. Bxf6 Bxf6 17. e5 Bg7 18. d6 Bd7 19. a4 a5 20. Rab1 Rac8 21. Qd2 f6 22. exf6 Bxf6 23. Qxh6 Be8 24. Qe3 Qxd6 25. Ne4 Nxe4 26. Qxe4 b6 27. Rfe1 Bf7 28. g3 Qa3 29. Rbd1 Kg7 30. h4 Rxd1 31. Rxd1 Qa2 32. Rd7 Rc2 33. Bd3 Rc1+ 34. Kg2 Kf8 35. Ng5 Bxg5 36. hxg5 Qb2 37. Qf4 Qg7 38. Qd6+ Kg8 39. Rd8+ Kh7 40. Qf4 Bg8 41. Qh4+ Qh6 42. Qxh6# 1-0

[Event "Titled Tuesday intern op 07th Feb Late"]
[Site "Chess.com INT"]
[Date "2023.02.07"]
[Round "5"]
[White "Krallis, Christos"]
[Black "Paterek, Michal"]
[Result "1-0"]
[WhiteElo "2339"]
[BlackElo "2307"]
[PlyCount "93"]
[EventDate "2023.02.07"]
[EventType "swiss (blitz)"]
[EventRounds "11"]
[EventCountry "USA"]
[SourceTitle "EXT 2024"]
[Source "ChessBase"]
[SourceDate "2023.10.10"]
[SourceVersion "1"]
[SourceVersionDate "2023.10.10"]
[SourceQuality "1"]

1. e4 e6 2. d4 d5 3. Nd2 h6 4. Bd3 c5 5. dxc5 Bxc5 6. Ngf3 Nf6 7. Qe2 Nc6 8. c3 a6 9. 0-0 0-0 10. h3 Qc7 11. Re1 Nh5 12. Nb3 Ng3 13. Qc2 dxe4 14. Nxc5 exd3 15. Nxd3 Nf5 16. Bf4 Qe7 17. Rad1 Bd7 18. Nde5 Nxe5 19. Nxe5 Rfd8 20. Nc4 Bc6 21. Rxd8+ Qxd8 22. Rd1 Qf6 23. Ne5 Bxg2 24. Ng4 Qg6 25. Ne5 Be4+ 26. Nxg6 Bxc2 27. Rd2 Be4 28. Ne5 g5 29. Be3 Nh4 30. Rd7 Bd5 31. c4 Bc6 32. Nxc6 bxc6 33. Rc7 Rb8 34. b3 a5 35. Rxc6 a4 36. bxa4 Rb1+ 37. Kh2 Ra1 38. a5 Rxa2 39. a6 Kh7 40. a7 Kg6 41. Rc8 Nf3+ 42. Kg2 Nh4+ 43. Kf1 Ra1+ 44. Ke2 Ra2+ 45. Kd3 Nf3 46. a8Q Ne5+ 47. Kc3 1-0

[Event "Titled Tuesday intern op 07th Feb Late"]
[Site "Chess.com INT"]
[Date "2023.02.07"]
[Round "8"]
[White "Paterek, Michal"]
[Black "Bornholdt, Joa Max"]
[Result "0-1"]
[WhiteElo "2307"]
[BlackElo "2294"]
[PlyCount "70"]
[EventDate "2023.02.07"]
[EventType "swiss (blitz)"]
[EventRounds "11"]
[EventCountry "USA"]
[SourceTitle "EXT 2024"]
[Source "ChessBase"]
[SourceDate "2023.10.10"]
[SourceVersion "1"]
[SourceVersionDate "2023.10.10"]
[SourceQuality "1"]

1. e4 e5 2. Nf3 Nc6 3. Bb5 g6 4. 0-0 Bg7 5. c3 a6 6. Ba4 Nge7 7. d4 exd4 8. cxd4 b5 9. Bb3 d6 10. h3 0-0 11. Nc3 Na5 12. Bc2 c5 13. Bg5 h6 14. Bh4 g5 15. Bg3 Nc4 16. Rb1 Nc6 17. Ne2 Qb6 18. b3 Na3 19. Bxd6 Nxd4 20. Bxf8 Nxf3+ 21. gxf3 Kxf8 22. Kg2 Nxb1 23. Bxb1 Be6 24. Qc1 c4 25. h4 gxh4 26. Nf4 h3+ 27. Nxh3 cxb3 28. axb3 Rc8 29. Qa3+ b4 30. Qa4 Bxh3+ 31. Kxh3 Rc3 32. Kg2 Qg6+ 33. Kh2 Be5+ 34. Kh1 Qh5+ 35. Kg2 Qh2# 0-1

[Event "Titled Tuesday intern op 07th Feb Late"]
[Site "Chess.com INT"]
[Date "2023.02.07"]
[Round "6"]
[White "Paterek, Michal"]
[Black "Diaz Perez, Michel Alejandro"]
[Result "1-0"]
[WhiteElo "2307"]
[BlackElo "2414"]
[PlyCount "119"]
[EventDate "2023.02.07"]
[EventType "swiss (blitz)"]
[EventRounds "11"]
[EventCountry "USA"]
[SourceTitle "EXT 2024"]
[Source "ChessBase"]
[SourceDate "2023.10.10"]
[SourceVersion "1"]
[SourceVersionDate "2023.10.10"]
[SourceQuality "1"]

1. d4 Nf6 2. c4 d6 3. Nf3 Nbd7 4. Nc3 e5 5. g3 c6 6. Bg2 Be7 7. 0-0 0-0 8. e4 Qc7 9. h3 a5 10. Be3 Re8 11. Re1 Bf8 12. Rc1 exd4 13. Nxd4 Nc5 14. f3 g6 15. g4 Bg7 16. Nde2 Be6 17. b3 Nfd7 18. f4 f5 19. exf5 gxf5 20. g5 Bf7 21. Ng3 Bg6 22. h4 Qb6 23. h5 Rxe3 24. Rxe3 Nxb3 25. c5 Qxc5 26. Qxb3+ Bf7 27. Nce2 Qxc1+ 28. Nxc1 Bxb3 29. Rxb3 Nc5 30. Rb1 Re8 31. Kf1 a4 32. Nce2 Re3 33. Nxf5 Ra3 34. Nxd6 Rxa2 35. Nxb7 Nb3 36. Bxc6 Kf8 37. Rd1 Nd2+ 38. Kf2 a3 39. h6 Ba1 40. Bd5 Rb2 41. Rxa1 Nb1 42. Ke3 Ke7 43. Ra2 Nd2 44. Rxb2 axb2 45. Ba2 b1Q 46. Bxb1 Nxb1 47. Nc5 Kf7 48. Nd3 Na3 49. Ne5+ Kg8 50. Nc3 Nc2+ 51. Kd3 Nb4+ 52. Ke4 Na6 53. Nd5 Nc5+ 54. Kf5 Nb7 55. Nf6+ Kf8 56. Nxh7+ Kg8 57. Nf6+ Kf8 58. g6 Nd6+ 59. Ke6 Ne8 60. Ned7# 1-0

[Event "Titled Tuesday intern op 31st Jan Early"]
[Site "Chess.com INT"]
[Date "2023.01.31"]
[Round "5"]
[White "Kornyukov, Alexey"]
[Black "Paterek, Michal"]
[Result "0-1"]
[WhiteElo "2452"]
[BlackElo "2307"]
[PlyCount "46"]
[EventDate "2023.01.31"]
[EventType "swiss (blitz)"]
[EventRounds "11"]
[EventCountry "USA"]
[SourceTitle "CBM 212 Extra"]
[Source "ChessBase"]
[SourceDate "2023.03.31"]
[SourceVersion "1"]
[SourceVersionDate "2023.03.31"]
[SourceQuality "1"]

1. e4 e6 2. d4 d5 3. Nc3 h6 4. e5 c5 5. Nf3 Nc6 6. Bb5 Bd7 7. Bxc6 bxc6 8. 0-0 cxd4 9. Nxd4 c5 10. Nb3 Qb6 11. Be3 d4 12. Nxd4 cxd4 13. Bxd4 Qb7 14. Qd2 Ne7 15. Rad1 Nf5 16. Be3 Bc6 17. f3 Nxe3 18. Qxe3 Be7 19. Ne4 Bxe4 20. fxe4 0-0 21. Rf3 Qxb2 22. Rg3 Qxe5 23. Rf1 Bc5 0-1

[Event "Titled Tuesday intern op 31st Jan Late"]
[Site "Chess.com INT"]
[Date "2023.01.31"]
[Round "11"]
[White "Novikova, Margarita"]
[Black "Paterek, Michal"]
[Result "1/2-1/2"]
[WhiteElo "2013"]
[BlackElo "2307"]
[PlyCount "78"]
[EventDate "2023.01.31"]
[EventType "swiss (blitz)"]
[EventRounds "11"]
[EventCountry "USA"]
[SourceTitle "CBM 212 Extra"]
[Source "ChessBase"]
[SourceDate "2023.03.31"]
[SourceVersion "1"]
[SourceVersionDate "2023.03.31"]
[SourceQuality "1"]

1. e4 e6 2. d4 d5 3. Nd2 h6 4. Ngf3 Nf6 5. Bd3 c5 6. dxc5 Bxc5 7. exd5 Nxd5 8. 0-0 Nc6 9. Ne4 Be7 10. Bb5 Bd7 11. c4 Nb6 12. Bf4 0-0 13. Bd6 a6 14. Bxe7 Qxe7 15. Bxc6 Bxc6 16. Qd6 Qxd6 17. Nxd6 Rfd8 18. c5 Na4 19. b4 b6 20. Ne5 bxc5 21. Ndxf7 Rf8 22. Nxh6+ gxh6 23. Nxc6 c4 24. Rac1 c3 25. Rc2 Rf7 26. Rfc1 Rc8 27. Nd4 Rc4 28. Ne2 Rfc7 29. a3 Kf7 30. f3 e5 31. Kf2 Ke6 32. Ke3 h5 33. Ng3 Rh4 34. h3 Rhc4 35. Ne4 h4 36. Kd3 Nb2+ 37. Ke3 Na4 38. Kd3 Nb2+ 39. Ke3 Na4 1/2-1/2